000 00698nam a2200253Ia 4500
003 OSt
005 20221006142119.0
006 a|||||r|||| 00| 0
007 ta
008 221006b |||||||| |||| 00| 0 eng d
020 _a0674390253
_c
_30.00
024 _a5,332
037 _cTextual
040 _aEASL
_cEASL
_beng
041 _2eng
_aeng
082 _aW.42.H.J36, M2
100 _aBERRY Mary Elizabeth
_9646911
245 0 _aHideyoshi
260 _aCambridge
_bHarvard University Press
_c1982
300 _a294p.
_ccm.
490 _v JEL
_aHarvard East Asian Series, No. 97
942 _hW.42.H.J36, M2
_cTEXL
_2CC
999 _c1073418
_d1073418